000 00861nam a22002537a 4500
003 UA-OsUOA
001 23818
007 ta
008 20040129b un ||||| |||| 00| 0 ukr d
100 _aКолмойцев В.Е.
090 _a336.1(8)
_bК61
942 _cBK
040 _aUA-OsUOA
_bukr
_cUA-OsUOA
_dUA-OsUOA
245 _aАльтернатива розрусі. Латиноамериканський інвестиційний досвід подолання глобальної фінансово-економічної кризи. Перші успіхи України в залученні іноземних інвестицій
300 _a405 с.
955 _a0
041 _aukr
080 _a336.1(8)
020 _a966-7615-15-4
260 _aКиїв
_bМолодь
_c2000
044 _aUA
650 7 _2UDC
999 _c310077
_d310077